| 000 | 01190 a2200253 4500 | ||
|---|---|---|---|
| 003 | Nust | ||
| 005 | 20221130131115.0 | ||
| 010 | _a 83018928 | ||
| 020 | _a0521255503 | ||
| 020 | _a0521275539 (pbk.) | ||
| 040 | _cNust | ||
| 082 | 0 | 0 | _a530.1,LON |
| 100 | 1 |
_aLongair, M. S., _9103823 |
|
| 245 | 1 | 0 |
_aTheoretical concepts in physics : _ban alternative view of theoretical reasoning in physics for final-year undergraduates / _cM.S. Longair. |
| 250 | _a1st ed. | ||
| 260 |
_aCambridge ; _aNew York : _bCambridge University Press, _c1984. |
||
| 300 |
_axiii, 366 p. : _bill. ; _c24 cm. |
||
| 500 | _a. | ||
| 505 | _aCase Study (Page-1), The Origins of Newton’s Law of Gravitons (Page-13), Maswell Equations (Page-35), Mechanics and Dynamics (Page-81), Thermodynamics and Statistical Mechanics (Page-113), The Origins of the Concept of Quanta (Page-171), Special Relativity (Page-259), Special Relativity and Cosmology (Page-277). | ||
| 650 | 0 | _aMathematical physics. | |
| 856 | 4 | 2 |
_3Publisher description _uhttp://www.loc.gov/catdir/description/cam022/83018928.html |
| 856 | 4 | 2 |
_3Table of contents _uhttp://www.loc.gov/catdir/toc/cam021/83018928.html |
| 942 |
_2ddc _cBK _k530.1,LON |
||
| 999 |
_c189577 _d189577 |
||